00739nam a2200181 u 450000100100000000500170001000800410002702000150006804000250008324501400010826000560024830000210030450000220032550000370034770000540038495201040043899900150054200000495620200929151538.0090728s1994 dr r 001 0 spa d a8820919656 aDO-SdBNPbspacBNPHU00aDirectorio para el ministerio y a la vida de los prebisteros /cCongregación para el clero; introducción José T. Card. Sanchéz. aSanto Domingo :bLibreria Editrice Vaticana,c1994. a118 p. ;c21 cm. aIncluye índices aIncluye notas a pie de páginas1 aCard. Sanchéz, José T.eIntroducción914315 0010718PDaPDbPDcCTd2010-03-25iLF1l0o p4956-10r2020-06-25w2020-06-25yLFPDZNo se presta c4762d4762